Music Quiz

Random Music or Rock Quiz

One-word Albums II (Click) Quiz Stats

 Plays Quiz not verified by Sporcle

Challenge
Share
Tweet
Embed
Score 0/26 Timer 04:00
0 Plays Today
% Correct
Thriller
94.6%
Imagine
93.1%
Revolver
89.2%
Desperado
86.5%
Paranoid
79.1%
War
77.9%
Slowhand
76.6%
Harvest
75.1%
Animals
74.2%
Nimrod
70.5%
Yentl
68.8%
Grace
60%
X
55.5%
% Correct
Fearless
55.3%
Unmasked
50.1%
Circus
48%
Jazz
44.3%
Berlin
43.4%
Konvicted
41.1%
Medusa
39.6%
Older
34%
Lodger
32.3%
Easter
29.7%
Velociraptor
24.5%
Zebop!
20.2%
QE2
19.6%

You're not logged in!

Compare scores with friends on all Sporcle quizzes.
Join for Free
OR
Log In

You Might Also Like...

Show Comments

Extras

Top Quizzes Today


Score Distribution

Your Account Isn't Verified!

In order to create a playlist on Sporcle, you need to verify the email address you used during registration. Go to your Sporcle Settings to finish the process.

Report this User

Report this user for behavior that violates our Community Guidelines.

Details: